000
00246nam a2200097Ia 4500
001
653824
005
20250826154506.0
008
250824s9999 xx 000 0 und d
245
0
_a
KARDEŞİMM BENİM
_c
CHNTHİA LORD
260
_b
GÜNIŞIĞI YAYINLARI
999
_c
653824
_d
653824